What Country is the City in? (Easy) - Statistics

General Stats
  • This quiz has been taken 35 times
    25 since last reset
  • The average score is 15 of 15
Answer Stats
City Country % Correct
Toronto Canada
100%
Montreal Canada
100%
Paris France
100%
Tokyo Japan
100%
Mexico City Mexico
100%
New York City USA
100%
Los Angeles USA
100%
Chicago USA
100%
Buenos Aires Argentina
95%
Sydney Australia
95%
Shanghai China
95%
Madrid Spain
95%
London UK
95%
Rio de Janeiro Brazil
90%
Dublin Ireland
90%
No matching quizzes found
Score Distribution
Percent of People with Each Score
Percentile by Number Answered
Your Score History
You have not taken this quiz since the last reset